00946nam a2200241Ia 450000500170000000800410001702000180005804100080007608200170008410000200010124500840012125000120020526000380021730000090025550000260026465000250029070000350031590600100035094200070036099900170036795201600038495201600054420230414124106.0230125s9999 xx 000 0 und d a9789352806171 aeng a658.018bKUM aKumar M9108085 aPositioning Research : Shiffing Paradigms , Interdisciplinarity and Indigeneity a1st Ed. c2018bSage publicationaNew Delhi a296p aResearch methodology  aResearch methodology aKumar M & Pattanayak S9118127 b166.6 cBK c96111d96111 00104070aHIMRbHIMRd2019-12-17eForward Booksg595.00i11147l0o658.018 KUM B19078pHIMR-BK-19078r2023-01-25 00:00:00v428.40w2019-12-10yBKzB19078 00104070aHIMRbHIMRd2019-12-17eForward Booksg595.00i11147l0o658.018 KUM B19079pHIMR-BK-19079r2023-01-25 00:00:00v428.40w2019-12-10yBKzB19079